00642nam a2200169Ia 4500008004100000100001700041245015500058245001700213260003900230260000900269300001000278650001800288650001500306856005900321999001900380952007300399170221s9999 xx 000 0 und d aRodney Ciboh aPassive Accomplice or Active Acquiescent to Corruption in Nigeria? Evidence from Newspapers’ Sourcing of Information on Corruption from 2000 - 2006  cRodney Ciboh bStudies in Media and Communication c2014 a2 : 1 xCommunication xMedia Arts uhttp://redfame.com/journal/index.php/smc/issue/view/13 c307183d307183 001040aCLbCLd2017-02-21l0r2017-02-21 00:00:00w2017-02-21yFOJ